Computer security : principles and practice

में बचाया:
ग्रंथसूची विवरण
मुख्य लेखक: Stallings, William
स्वरूप: पुस्तक
प्रकाशित: Pearson
टैग: टैग जोड़ें
कोई टैग नहीं, इस रिकॉर्ड को टैग करने वाले पहले व्यक्ति बनें!

MARC

LEADER 00000nam a2200000Ia 4500
005 20260515061614.0
100 |a Stallings, William. 
020 |a 9789367131992 
942 |c BK 
245 |a Computer security : principles and practice  
260 |b Pearson 
999 |c 13  |d 13 
952 |0 0  |1 0  |4 0  |7 0  |a ABDN  |b ABDN  |d 2026-05-15  |l 0  |p 000039  |r 2026-05-15 06:16:14  |w 2026-05-15  |y BK